[Event "Montreal Mercredi 05"]
[Site "Montreal"]
[Date "2017.05.31"]
[Round "4"]
[White "Huang, Qiuyu"]
[Black "Gelet, Seymour"]
[Result "1-0"]
[WhiteElo "2168"]
[BlackElo "2110"]
[PlyCount "77"]
[EventDate "2017.05.10"]
[EventType "swiss"]
[EventRounds "5"]
[EventCountry "CAN"]
[SourceTitle "EXT 2022"]
[Source "ChessBase"]
[SourceDate "2021.10.06"]
[SourceVersion "1"]
[SourceVersionDate "2021.10.06"]
[SourceQuality "1"]

1. e4 c5 2. Nf3 Nc6 3. d4 cxd4 4. Nxd4 Nf6 5. Nc3 e5 6. Ndb5 d6 7. Bg5 a6 8. Na3 b5 9. Nd5 Be7 10. Bxf6 Bxf6 11. c4 b4 12. Nc2 Rb8 13. Be2 Bg5 14. 0-0 0-0 15. Qd3 f5 16. Nde3 Ne7 17. Rad1 f4 18. Nd5 a5 19. c5 Ng6 20. c6 Qe8 21. c7 Rb7 22. Qb3 Kh8 23. Ne1 Be6 24. Nf3 Be7 25. Rc1 Qd7 26. c8Q Rxc8 27. Rxc8+ Qxc8 28. Ba6 Nf8 29. Bxb7 Qxb7 30. Qd3 Bd8 31. Rc1 Nd7 32. Qc2 Nb8 33. a3 g5 34. axb4 g4 35. Nd2 axb4 36. Qa4 Bd7 37. Qxb4 Qxb4 38. Nxb4 Ba5 39. Ra1 1-0

[Event "Montreal Mercredi 05"]
[Site "Montreal"]
[Date "2017.05.10"]
[Round "1"]
[White "Gelet, Seymour"]
[Black "Jacquet, Stephane"]
[Result "1/2-1/2"]
[WhiteElo "2110"]
[BlackElo "2032"]
[PlyCount "67"]
[EventDate "2017.05.10"]
[EventType "swiss"]
[EventRounds "5"]
[EventCountry "CAN"]
[SourceTitle "EXT 2022"]
[Source "ChessBase"]
[SourceDate "2021.10.06"]
[SourceVersion "1"]
[SourceVersionDate "2021.10.06"]
[SourceQuality "1"]

1. d4 d6 2. Nf3 g6 3. c4 Bg7 4. Nc3 Nf6 5. e4 0-0 6. Be2 e5 7. dxe5 dxe5 8. Qxd8 Rxd8 9. Bg5 Re8 10. 0-0-0 c6 11. Nxe5 Rxe5 12. Rd8+ Re8 13. Bxf6 Rxd8 14. Bxd8 Be6 15. Rd1 Nd7 16. Bc7 Ne5 17. c5 Ng4 18. Bxg4 Bxg4 19. f3 Be6 20. Kc2 a5 21. Na4 f5 22. Rd8+ Rxd8 23. Bxd8 Be5 24. g3 f4 25. gxf4 Bxf4 26. h4 Bc4 27. Bg5 Be5 28. b3 Be2 29. f4 Bd4 30. Kd2 Bb5 31. Bd8 Bxa4 32. bxa4 Bxc5 33. Kd3 b6 34. e5 1/2-1/2

[Event "Quebec-ch op"]
[Site "Montreal"]
[Date "2016.07.27"]
[Round "6"]
[White "Gelet, Seymour"]
[Black "Saha, Ananda"]
[Result "1/2-1/2"]
[WhiteElo "2011"]
[BlackElo "1861"]
[PlyCount "69"]
[EventDate "2016.07.23"]
[EventType "swiss"]
[EventRounds "8"]
[EventCountry "CAN"]
[SourceTitle "CBM 173 Extra"]
[Source "ChessBase"]
[SourceDate "2016.08.29"]
[SourceVersion "1"]
[SourceVersionDate "2016.08.29"]
[SourceQuality "1"]

1. d4 Nf6 2. c4 e6 3. Nf3 b6 4. Bg5 Be7 5. e3 0-0 6. Bd3 Ba6 7. Qc2 h6 8. Bh4 c5 9. Nbd2 Nc6 10. a3 Rc8 11. Qa4 Bb7 12. 0-0 d5 13. cxd5 Nxd5 14. dxc5 Bxh4 15. Nxh4 Ne5 16. Be4 Bc6 17. Qd4 bxc5 18. Qxe5 Qxh4 19. Nf3 Qe7 20. Rfe1 Rb8 21. Re2 Rb3 22. Bxd5 Bxd5 23. e4 Bc6 24. Rc1 c4 25. Nd4 Rd8 26. h3 Qd7 27. Rd2 f6 28. Qg3 Qb7 29. Rxc4 e5 30. Nf3 Rxd2 31. Nxd2 Rxb2 32. Qc3 Rb6 33. a4 Be8 34. Rc8 Qd7 35. a5 1/2-1/2

[Event "Quebec-ch op"]
[Site "Montreal"]
[Date "2016.07.23"]
[Round "1"]
[White "Sambuev, Bator"]
[Black "Gelet, Seymour"]
[Result "1-0"]
[WhiteElo "2536"]
[BlackElo "2011"]
[PlyCount "29"]
[EventDate "2016.07.23"]
[EventType "swiss"]
[EventRounds "8"]
[EventCountry "CAN"]
[SourceTitle "CBM 173 Extra"]
[Source "ChessBase"]
[SourceDate "2016.08.29"]
[SourceVersion "1"]
[SourceVersionDate "2016.08.29"]
[SourceQuality "1"]

1. Nf3 d5 2. c4 e6 3. d4 c6 4. Nc3 Nf6 5. Bg5 Be7 6. e3 Nbd7 7. Qc2 0-0 8. 0-0-0 dxc4 9. Bxc4 Nd5 10. h4 Re8 11. Nxd5 cxd5 12. Bd3 Nf8 13. Bf4 Qa5 14. Ng5 h6 15. Bh7+ 1-0

[Event "Montreal CC-ch"]
[Site "Montreal"]
[Date "2016.06.12"]
[Round "4.4"]
[White "Gelet, Seymour"]
[Black "Gauthier, Luc"]
[Result "1-0"]
[WhiteElo "2110"]
[BlackElo "1746"]
[PlyCount "51"]
[EventDate "2016.06.10"]
[EventType "swiss"]
[EventRounds "5"]
[EventCountry "CAN"]
[SourceTitle "EXT 2022"]
[Source "ChessBase"]
[SourceDate "2021.10.06"]
[SourceVersion "1"]
[SourceVersionDate "2021.10.06"]
[SourceQuality "1"]

1. d4 d5 2. c4 Nc6 3. Nf3 Bg4 4. cxd5 Bxf3 5. dxc6 Bxc6 6. Nc3 e6 7. e4 Bb4 8. f3 Ne7 9. Bc4 Ng6 10. 0-0 Qe7 11. Qb3 0-0-0 12. Be3 b6 13. Rac1 Bxc3 14. Rxc3 Kb7 15. Rfc1 Rc8 16. a4 a5 17. Be2 Bd7 18. Qc4 Qb4 19. Qa6+ Kb8 20. b3 f5 21. Bd3 f4 22. Bf2 Rhd8 23. d5 Ne5 24. Bb5 Bxb5 25. axb5 exd5 26. Bxb6 1-0

[Event "Montreal Mercredi 02"]
[Site "Montreal"]
[Date "2016.03.04"]
[Round "3"]
[White "Lopez Linares, Lizandro Fernando"]
[Black "Gelet, Seymour"]
[Result "1/2-1/2"]
[WhiteElo "2218"]
[BlackElo "2066"]
[PlyCount "43"]
[EventDate "2016.02.17"]
[EventType "swiss"]
[EventRounds "5"]
[EventCountry "CAN"]
[SourceTitle "EXT 2022"]
[Source "ChessBase"]
[SourceDate "2021.10.06"]
[SourceVersion "1"]
[SourceVersionDate "2021.10.06"]
[SourceQuality "1"]

1. d4 d5 2. c4 e6 3. cxd5 exd5 4. Nc3 Nf6 5. Bg5 Be7 6. Qc2 0-0 7. e3 Nbd7 8. Bd3 c6 9. Nf3 Re8 10. 0-0 Nf8 11. h3 g6 12. Rab1 Ne6 13. Bh6 Ng7 14. Bxg7 Kxg7 15. b4 a6 16. a4 Qd6 17. Rfc1 Be6 18. b5 axb5 19. axb5 c5 20. dxc5 Qxc5 21. Nd4 Rec8 22. Qd2 1/2-1/2

[Event "Mauricie op"]
[Site "Trois Rivieres "]
[Date "2014.03.14"]
[Round "1"]
[White "Gelet, Seymour"]
[Black "Sambuev, Bator"]
[Result "0-1"]
[WhiteElo "2082"]
[BlackElo "2597"]
[PlyCount "54"]
[EventDate "2014.03.14"]
[EventType "swiss"]
[EventRounds "5"]
[EventCountry "CAN"]
[SourceTitle "EXT 2015"]
[Source "ChessBase"]
[SourceDate "2014.11.20"]
[SourceVersion "1"]
[SourceVersionDate "2014.11.20"]
[SourceQuality "1"]

1. d4 Nf6 2. c4 e6 3. Nc3 Bb4 4. e3 c5 5. Nf3 0-0 6. Bd2 b6 7. Bd3 cxd4 8. exd4 Ba6 9. Bg5 h6 10. Bxf6 Qxf6 11. 0-0 Bxc3 12. bxc3 Nc6 13. Re1 Rfe8 14. Qa4 Bb7 15. Rab1 Ne7 16. Nd2 Qf4 17. Qc2 Qc7 18. Ne4 d5 19. cxd5 Nxd5 20. Rec1 Nf4 21. Bf1 e5 22. dxe5 Qxe5 23. Re1 Rac8 24. Re3 Nd5 25. Rg3 f5 26. Nd2 Nxc3 27. Nc4 Nxb1 0-1

[Event "Mauricie op"]
[Site "Trois Rivieres "]
[Date "2013.03.18"]
[Round "5"]
[White "Libersan, Thierry"]
[Black "Gelet, Seymour"]
[Result "0-1"]
[WhiteElo "2079"]
[BlackElo "2103"]
[PlyCount "60"]
[EventDate "2013.03.15"]
[EventType "swiss"]
[EventRounds "5"]
[EventCountry "CAN"]
[SourceTitle "EXT 2014"]
[Source "ChessBase"]
[SourceDate "2013.11.20"]
[SourceVersion "1"]
[SourceVersionDate "2013.11.20"]
[SourceQuality "1"]

1. e4 c5 2. Nf3 Nc6 3. Bb5 g6 4. Bxc6 bxc6 5. d3 Bg7 6. 0-0 d6 7. h3 e5 8. c4 Ne7 9. Nc3 f5 10. Bg5 h6 11. Bxe7 Qxe7 12. Qa4 Bd7 13. exf5 gxf5 14. Rfe1 0-0 15. Qc2 Rf6 16. Rab1 Rb8 17. a3 a5 18. Qa4 Be8 19. Qxa5 Bh5 20. Nh2 Rg6 21. Qa4 Qg5 22. Qxc6 e4 23. g3 Bd4 24. Nf1 Qf4 25. Qd5+ Kh8 26. Qxd4+ cxd4 27. Nd5 Qe5 28. dxe4 fxe4 29. b4 e3 30. Kh2 Rf8 0-1

[Event "Mauricie op"]
[Site "Trois Rivieres "]
[Date "2013.03.15"]
[Round "1"]
[White "Gelet, Seymour"]
[Black "Trottier, Yves"]
[Result "1/2-1/2"]
[WhiteElo "2103"]
[BlackElo "1865"]
[PlyCount "75"]
[EventDate "2013.03.15"]
[EventType "swiss"]
[EventRounds "5"]
[EventCountry "CAN"]
[SourceTitle "EXT 2014"]
[Source "ChessBase"]
[SourceDate "2013.11.20"]
[SourceVersion "1"]
[SourceVersionDate "2013.11.20"]
[SourceQuality "1"]

1. d4 d5 2. c4 e5 3. e3 dxc4 4. Bxc4 exd4 5. exd4 Nf6 6. Nf3 Bb4+ 7. Nc3 0-0 8. 0-0 Bg4 9. Bg5 Nbd7 10. Qb3 Bxc3 11. Qxc3 Nb6 12. Ne5 Bh5 13. Bb3 Ne4 14. Bxd8 Nxc3 15. Bxc7 Ne2+ 16. Kh1 Nxd4 17. Bd1 Bg6 18. Nxg6 hxg6 19. Bg4 Nc6 20. Rad1 Rfe8 21. Rfe1 Rxe1+ 22. Rxe1 Nd5 23. Bg3 Nf6 24. Bf3 Rd8 25. h3 Rd2 26. Re2 Rd7 27. Bxc6 bxc6 28. Rc2 Rb7 29. b3 Rb6 30. f3 Nd5 31. Bf2 Ra6 32. Bc5 Nc7 33. a4 Ne6 34. Be3 Kf8 35. Kg1 Ke7 36. Rd2 c5 37. Kf2 c4 38. bxc4 1/2-1/2

[Event "Montreal Pere Noel"]
[Site "Montreal"]
[Date "2011.12.30"]
[Round "5"]
[White "Voskanyan, Vahagn"]
[Black "Gelet, Seymour"]
[Result "1-0"]
[WhiteElo "2231"]
[BlackElo "2000"]
[PlyCount "85"]
[EventDate "2011.12.26"]
[EventType "swiss"]
[EventRounds "5"]
[EventCountry "CAN"]
[SourceTitle "EXT 2022"]
[Source "ChessBase"]
[SourceDate "2021.10.06"]
[SourceVersion "1"]
[SourceVersionDate "2021.10.06"]
[SourceQuality "1"]

1. Nf3 d5 2. d4 Nf6 3. c4 e6 4. Nc3 Be7 5. Bg5 Nbd7 6. e3 0-0 7. Rc1 c6 8. Bd3 dxc4 9. Bxc4 Nd5 10. Bxe7 Qxe7 11. 0-0 Nxc3 12. Rxc3 e5 13. e4 exd4 14. Qxd4 Re8 15. Re1 Ne5 16. Nxe5 Qxe5 17. Rd1 Kf8 18. Rf3 f6 19. Qxe5 Rxe5 20. Rd8+ Re8 21. Rxe8+ Kxe8 22. e5 Ke7 23. exf6+ gxf6 24. Rg3 b5 25. Rg7+ Kd6 26. Bd3 Be6 27. a3 a5 28. Bxh7 b4 29. h4 c5 30. h5 c4 31. axb4 axb4 32. Rb7 b3 33. Rb6+ Ke5 34. Bg6 f5 35. f4+ Kd5 36. h6 Bd7 37. h7 Kc5 38. Rb7 Kc6 39. Ra7 Rb8 40. Ra1 Kd6 41. Rc1 Be6 42. Kf2 Kd5 43. Re1 1-0

[Event "Quebec-ch U20"]
[Site "Montreal"]
[Date "2011.02.13"]
[Round "4"]
[White "Luo, Zhao Yang"]
[Black "Gelet, Seymour"]
[Result "1-0"]
[WhiteElo "2004"]
[BlackElo "1885"]
[PlyCount "117"]
[EventDate "2011.02.11"]
[EventType "swiss"]
[EventRounds "5"]
[EventCountry "CAN"]
[SourceTitle "EXT 2013"]
[Source "ChessBase"]
[SourceDate "2012.11.22"]
[SourceVersion "1"]
[SourceVersionDate "2012.11.22"]
[SourceQuality "1"]

1. d4 d5 2. c4 e6 3. Nf3 Nf6 4. Bg5 Be7 5. Nc3 0-0 6. e3 Nbd7 7. Rc1 c6 8. Qc2 Re8 9. Bd3 dxc4 10. Bxc4 Nd5 11. Bxe7 Qxe7 12. 0-0 Nxc3 13. bxc3 e5 14. Rfd1 Kh8 15. dxe5 b5 16. Bb3 c5 17. Bd5 Rb8 18. Bc6 Rb6 19. Qe4 c4 20. Qd5 Rd8 21. Qd6 Qe6 22. Qxe6 fxe6 23. Rd6 Rxc6 24. Rxc6 Nb6 25. Rd6 Rf8 26. Ng5 Kg8 27. Nxe6 Re8 28. Rd8 Rxd8 29. Nxd8 Bf5 30. Nc6 Kf7 31. e6+ Bxe6 32. Nd8+ Ke7 33. Nxe6 Kxe6 34. e4 Na4 35. f4 Nc5 36. Re1 Nd3 37. Rf1 b4 38. f5+ Ke5 39. cxb4 c3 40. a4 c2 41. b5 c1Q 42. Rxc1 Nxc1 43. a5 Nb3 44. b6 axb6 45. a6 Kxe4 46. a7 Kxf5 47. a8Q Nc5 48. Qd5+ Kf6 49. Qc6+ Ne6 50. Qxb6 g5 51. g4 Ke5 52. Qb8+ Ke4 53. Qe8 Ke5 54. Qh8+ Kf4 55. Qf6+ Kxg4 56. Qxe6+ Kh4 57. Kg2 Kh5 58. Kg3 h6 59. Qf7# 1-0

[Event "Quebec-ch U16"]
[Site "Montreal"]
[Date "2009.11.28"]
[Round "2"]
[White "Gelet, Seymour"]
[Black "Poulin, Mathieu"]
[Result "1-0"]
[WhiteElo "1815"]
[BlackElo "1931"]
[PlyCount "79"]
[EventDate "2009.11.27"]
[EventType "swiss"]
[EventRounds "5"]
[EventCountry "CAN"]
[SourceTitle "EXT 2011"]
[Source "ChessBase"]
[SourceDate "2010.11.26"]
[SourceVersion "1"]
[SourceVersionDate "2010.11.26"]
[SourceQuality "1"]

1. d4 Nf6 2. c4 e6 3. Nc3 Bb4 4. Qc2 c5 5. Nf3 Nc6 6. e3 d5 7. a3 cxd4 8. exd4 Be7 9. Be3 0-0 10. Rd1 Re8 11. Bd3 dxc4 12. Bxc4 Nd5 13. 0-0 Na5 14. Ba2 Qc7 15. Bb1 Nf6 16. Ne5 g6 17. f4 Nc4 18. Nb5 Qb6 19. Qxc4 Nd5 20. Rf3 a6 21. Nc3 Qxb2 22. Bc1 Qb6 23. Be4 Nf6 24. f5 Kg7 25. fxg6 hxg6 26. Qd3 Bd6 27. Na4 Qc7 28. Bg5 Bxe5 29. dxe5 Nxe4 30. Qxe4 f5 31. Bf6+ Kg8 32. Qh4 Qh7 33. Qxh7+ Kxh7 34. Rh3+ Kg8 35. Rh8+ Kf7 36. Rxe8 Kxe8 37. Rd8+ Kf7 38. Nb6 g5 39. Nxc8 Kg6 40. Ne7+ 1-0

[Event "Montreal Pere Noel op"]
[Site "Montreal"]
[Date "2008.12.30"]
[Round "5"]
[White "Anastasovski, Nikola"]
[Black "Gelet, Seymour"]
[Result "1-0"]
[WhiteElo "2093"]
[BlackElo "1797"]
[PlyCount "43"]
[EventDate "2008.12.26"]
[EventType "swiss"]
[EventRounds "5"]
[EventCountry "CAN"]
[SourceTitle "EXT 2011"]
[Source "ChessBase"]
[SourceDate "2010.11.26"]
[SourceVersion "1"]
[SourceVersionDate "2010.11.26"]
[SourceQuality "1"]

1. e4 c5 2. c4 d6 3. Nc3 Nf6 4. g3 b6 5. Bg2 Bb7 6. d3 e6 7. Nge2 Be7 8. h3 Nbd7 9. Be3 a6 10. Qd2 Qc7 11. f4 h5 12. 0-0 Bc6 13. f5 Qb7 14. fxe6 fxe6 15. Nf4 Nf8 16. Qc2 e5 17. Nfd5 Nxd5 18. exd5 Bd7 19. Ne4 0-0-0 20. Rf7 Be8 21. Rxg7 Rd7 22. Rxe7 1-0